00388nam a2200145 a 450000500170000000800410001702000180005805000220007610000180009824500280011626000320014430000130017665000320018965000210022120140412111428.0090626s19uu xx 00 eng d a0-439-22240-0 aTR(PS EbAp5 2000 aGibbons, Gail aApples /cGail Gibbons. aU.S.A :bScholastic,c2000. a1v. unp. aApplesxJuvenile literature aChildren stories